Capitals of Oceania - Statistics

General Stats
  • This quiz has been taken 265 times
    193 since last reset
  • The average score is 10 of 14
Answer Stats
Country Answer % Correct
Australia Canberra
96%
New Zealand Wellington
91%
Fiji Suva
82%
Samoa Apia
79%
Papua New Guinea Port Moresby
72%
Vanuatu Port Villa
72%
Nauru Yaren
70%
Tuvalu Funafuti
65%
Marshall islands Majuro
63%
Palau Ngerulmud
61%
Solomon Islands Honiara
60%
Micronesia Palikir
60%
Tonga Nuku'Alofa
58%
Kiribati Tarawa / South Tarawa
56%
No matching quizzes found
Score Distribution
Percent of People with Each Score
Percentile by Number Answered
Your Score History
You have not taken this quiz since the last reset